[Event "70th RUS-ch Women Higher League 2020"]
[Site "Sochi"]
[Date "2020.10.15"]
[Round "7.4"]
[White "Kovanova, Baira"]
[Black "Shafigullina, Zarina"]
[Result "1/2-1/2"]
[WhiteElo "2324"]
[BlackElo "2296"]
[Annotator "TA"]
[PlyCount "159"]
[EventDate "2020.10.08"]
[EventType "swiss"]
[EventCountry "RUS"]
[SourceTitle "playchess.com"]
[Source "ChessBase"]
[SourceQuality "1"]

{[%evp 12,159,18,10,39,46,79,83,79,72,89,87,83,66,81,62,47,21,39,30,33,29,19,0,0,6,11,11,12,14,14,21,19,16,29,27,18,35,21,0,30,0,0,0,0,0,57,57,57,57,52,49,36,33,72,43,79,47,47,47,40,45,40,0,17,0,0,0,0,0,0,-14,0,0,4,0,0,0,0,0,0,0,0,-15,0,0,0,0,0,0,0,0,0,0,0,0,0,0,0,0,79,0,0,0,0,-4,5,0,0,0,0,0,0,0,0,0,0,0,0,0,0,0,0,0,0,0,0,0,0,-8,-8,-11,0,0,0,0,0,0,0,0,0,0,0,0,0,0,0,0,0,0]} 1. d4 Nf6 2. c4 e6 3. Nf3 b6 4. g3 Ba6 5. b3 Bb4+ 6. Bd2 Be7 7. Nc3 c5 {7...d5 gains popularity. E15: Queen's Indian: 4 g3 sidelines, 4 g3 Ba6 and 4 g3 Bb7 early deviations.} 8. Bg2 Bb7 9. d5 $1 exd5 {[#]White is better.} 10. Nh4 $1 d6 11. Nf5 O-O 12. O-O ({Of course not} 12. Nxe7+ $6 Qxe7 13. cxd5 b5 $11) 12... Ne4 {[#]} 13. Nxe4 $146 ({Predecessor:} 13. cxd5 Nxd2 14. Nxe7+ Qxe7 15. Qxd2 Nd7 16. f4 a6 17. e4 Rab8 18. a4 Rfe8 19. Rfe1 {1-0 (66) Tsiros,F (1969)-Kesoglou,K (2114) Nikaia 2013}) 13... dxe4 14. Bf4 Bf6 15. Rc1 ({Much weaker is} 15. Qxd6 Bxa1 16. Rxa1 Qxd6 $15) 15... Be5 16. Bxe5 dxe5 17. Qc2 (17. Qd6 {is interesting.} Qxd6 18. Nxd6 Bc6 19. Nxe4 f5 20. Nc3) 17... Qf6 18. Bxe4 Nc6 19. Qb2 Rab8 20. Ne3 Nd4 21. Nd5 Bxd5 22. cxd5 Qe7 23. e3 Nb5 24. Bd3 Nd6 25. e4 Rbe8 26. Qc2 f5 27. f3 {[%cal Re4f5]} f4 28. g4 Qh4 (28... a5 $11) 29. Qf2 $14 Qe7 30. Rc2 Rc8 31. Ba6 Rc7 32. Rfc1 Ne8 33. Qd2 Rf6 34. Bf1 a5 35. a3 Kf8 36. Bb5 Nd6 {[%cal Be8d6,Bd6f7,Bf7g5,Bg5h3][%mdl 32]} 37. Qe2 Ra7 38. Bd3 Rg6 39. Qe1 h5 40. h3 Nf7 41. Rh2 hxg4 42. hxg4 Rh6 43. Qf2 Qf6 44. Bf1 Ng5 45. Rc3 Rxh2 46. Qxh2 g6 {Hoping for ...Rh7.} 47. Qe2 Rh7 48. Bg2 Nh3+ 49. Kf1 $1 Qh4 50. Rc2 Qg3 51. Qa6 Qh2 52. Qc8+ Kg7 53. Qd7+ Kh6 54. g5+ $1 Nxg5 55. Qd8 Qg3 {[#]} (55... a4 $11 {remains equal.}) 56. Rf2 (56. Qf8+ $1 $16 Rg7 57. Rf2) 56... Kg7 $1 $11 {The position is equal.} 57. Qc7+ Nf7 {aiming for ...Rh2.} 58. Qxb6 g5 59. Qxc5 g4 60. Qc8 ({But not} 60. Qxa5 $6 Rh2 $16) 60... gxf3 61. Rxf3 Qg6 62. Rh3 Rxh3 63. Qxh3 Qa6+ 64. Kg1 Qb6+ 65. Kh2 Qc5 66. a4 Qf2 67. Qg4+ Kf8 68. Qc8+ Kg7 {...Qg3+ is the strong threat.} 69. Qc3 (69. Qg4+ {looks sharper.}) 69... Kf6 70. Qf3 (70. Kh1 {is more complex.} Qh4+ 71. Kg1 Ng5 72. Kf1 Qg4 73. Qc6+) 70... Qxf3 71. Bxf3 {[%mdl 4096] Endgame KB-KN} Nd6 72. Kg2 Nb7 73. Bd1 $1 Nc5 74. Bc2 Ke7 75. Kf3 Kd6 76. Kg4 Nb7 77. Bd3 Nc5 78. Bc2 Nb7 79. Bd3 Nc5 80. Bc2 {Av CentiPawn Loss W=-4/B=-4. Weighted=-4/-5} 1/2-1/2

[Event "70th RUS-ch Women Higher League 2020"]
[Site "Sochi"]
[Date "2020.10.15"]
[Round "7.5"]
[White "Belenkaya, Dina"]
[Black "Schepetkova, Margarita"]
[Result "0-1"]
[WhiteElo "2297"]
[BlackElo "2257"]
[Annotator "TA"]
[PlyCount "92"]
[EventDate "2020.10.08"]
[EventType "swiss"]
[EventCountry "RUS"]
[SourceTitle "playchess.com"]
[Source "ChessBase"]
[SourceQuality "1"]

{[%evp 11,92,0,0,6,22,-12,25,0,8,8,11,-72,-70,-77,-8,-22,60,50,85,0,0,0,0,0,0,0,31,-23,35,36,118,31,114,33,69,0,92,0,197,196,176,145,158,0,0,-87,-83,-102,-85,-87,-58,-68,-71,-185,-152,-185,-200,-193,-192,-261,-260,-442,-428,-539,-530,-627,-571,-545,-530,-568,-901,-858,-790,-896,-895,-1703,-1555,-29985,-29985,-29984,-29979,-29987,-29988]} 1. e4 c5 2. Nf3 e6 3. d3 Nc6 4. g3 g6 5. Bg2 Bg7 6. c3 Nge7 7. h4 {B30: Sicilian: 2...Nc6 3 Bb5, lines without ...g6.} d5 8. Qe2 b6 9. e5 {White has an edge.} Qc7 {[%cal Rc6e5]} 10. Bf4 $1 {[#]} Ba6 $146 ({Predecessor:} 10... a5 11. a4 Ba6 12. Na3 h6 13. Nb5 Bxb5 14. axb5 Nb8 15. O-O O-O 16. Nh2 Nd7 {½-½ (31) Francsics,E (2271)-Berczes,D (2146) Budapest 2002}) 11. c4 (11. a4 $11) 11... dxc4 $17 12. dxc4 {[#]} O-O-O (12... Nd5 $1 $17 {[%mdl 512]} 13. Nc3 (13. cxd5 Bxe2) 13... Nxf4 14. gxf4 Rd8) 13. Nc3 $11 Nb4 (13... Nf5 $11) 14. O-O $14 Nd3 15. Nb5 (15. Bg5 $1 $16) 15... Bxb5 $11 16. cxb5 Nxf4 17. gxf4 Nd5 18. Qe4 Rhf8 19. Bh3 (19. a4 $14) 19... Qd7 (19... Kb8 $11) 20. Rfd1 $14 Qb7 (20... Kb8 $14) 21. Bg2 (21. Ng5 $1 $16) 21... Nc7 (21... Nb4 $14 22. Qc4 Rxd1+ 23. Rxd1 Rd8 24. Rxd8+ Kxd8) 22. Qe2 (22. Qc4 $16) 22... Nd5 23. Nd2 (23. Qc4 $1 $14) 23... Qe7 (23... Kb8 $11 24. Qe4 f6) 24. Nc4 (24. a4 $1 $16) 24... Nxf4 $2 (24... Kb8 $11 {and Black has nothing to worry.}) 25. Qe4 $1 $18 {[%cal Re4a8] White wants to mate with Qa8+.} Nd5 26. a4 $1 f5 27. Qf3 $2 ({White should try} 27. Qd3 $16) 27... Qxh4 $11 28. Nd6+ {[#]} (28. b3 $11 {remains equal.}) 28... Rxd6 $1 $17 29. exd6 Bd4 $1 30. a5 {[#] And now axb6 would win.} Kd7 $1 31. axb6 axb6 32. Ra6 (32. Rd2 $17) 32... Kxd6 $19 33. Qe2 Rb8 34. Bxd5 exd5 {[#]} 35. Re1 (35. b4 $1 {[%mdl 512] is a better defense.}) 35... Qg4+ 36. Qxg4 $2 (36. Kf1 Qxe2+ 37. Rxe2) 36... fxg4 {[%mdl 4096] Endgame KRR-KRB} 37. b3 g3 38. Re2 gxf2+ 39. Kf1 c4 40. bxc4 dxc4 41. Ra7 Kc5 42. Re4 Rd8 43. Rxh7 Kxb5 44. Rg4 Bc5 {Black mates.} 45. Rf7 Rd1+ 46. Kg2 Rg1+ {What a bad dream for White. Av CentiPawn Loss W=-85/B=-22. Weighted=-57/-37} 0-1

[Event "70th RUS-ch Women Higher League 2020"]
[Site "Sochi"]
[Date "2020.10.15"]
[Round "7.6"]
[White "Paramzina, Anastasya"]
[Black "Grigorieva, Yulia"]
[Result "*"]
[WhiteElo "2237"]
[BlackElo "2237"]
[Annotator "TA"]
[PlyCount "30"]
[EventDate "2020.10.08"]
[EventType "swiss"]
[EventCountry "RUS"]
[SourceTitle "playchess.com"]
[Source "ChessBase"]
[SourceQuality "1"]

{[%evp 13,30,22,24,23,27,15,11,0,15,5,28,17,18,13,18,0,0,0,40]} 1. e4 e5 2. Nf3 Nc6 3. Bc4 Nf6 4. d3 Bc5 5. O-O O-O 6. h3 d5 7. exd5 Nxd5 8. Re1 {C24: Bishop's Opening: 2...Nf6.} Be6 9. c3 Bb6 10. Bb3 Qd7 11. Na3 {[#]} Rfe8 $146 ({Predecessor:} 11... Rad8 12. Nc4 f6 13. d4 exd4 14. Nxb6 cxb6 15. Nxd4 Bf7 16. Nxc6 bxc6 17. Qf3 Rfe8 {½-½ (31) Alekseenko,K (2674)-Anand,V (2765) Douglas 2019}) 12. Nc4 f6 {The position is equal.} 13. Nxb6 Nxb6 14. Bc2 Rad8 15. Nd2 f5 {An uneventful encounter. Av CentiPawn Loss W=-8/B=-10. Weighted=-8/-11} *

[Event "70th RUS-ch Women Higher League 2020"]
[Site "Sochi"]
[Date "2020.10.15"]
[Round "7.7"]
[White "Dordzhieva, Dinara"]
[Black "Bodnaruk, Anastasia"]
[Result "1/2-1/2"]
[WhiteElo "2354"]
[BlackElo "2428"]
[Annotator "TA"]
[PlyCount "208"]
[EventDate "2020.10.08"]
[EventType "swiss"]
[EventCountry "RUS"]
[SourceTitle "playchess.com"]
[Source "ChessBase"]
[SourceQuality "1"]

{[%evp 17,208,36,35,33,37,30,27,35,42,17,33,35,33,0,26,35,56,40,49,56,63,74,77,62,62,62,62,62,64,64,64,64,62,63,63,64,63,60,62,62,64,62,79,79,79,70,77,71,70,75,72,62,79,79,79,79,79,69,80,79,79,79,80,77,78,77,77,77,78,77,88,86,77,77,88,85,85,85,85,85,85,77,77,77,85,85,99,84,168,138,138,138,138,127,127,127,125,118,117,56,63,56,70,56,53,53,56,56,56,56,139,137,137,122,122,122,122,117,135,131,131,131,130,130,129,101,129,127,129,129,180,180,180,180,166,157,214,200,192,158,391,310,2833,107,107,107,150,116,151,151,151,151,151,151,151,150,252,244,6420,5916,29970,29972,29972,29974,29974,29975,29974,29967,29965,29962,29938,12827,5093,154,154,154,154,154,154,0,0,0,154,0,0,0,8,0,0,0,0,0,0]} 1. d4 Nf6 2. c4 g6 3. Nc3 Bg7 4. e4 d6 5. Be2 O-O 6. Nf3 e5 7. O-O Nc6 8. d5 Ne7 9. Bg5 Nh5 10. Re1 $1 {[%mdl 4] is now more promising than 10.Ne1. E97: King's Indian: Classical Main Line (6...e5 7 0-0 Nc6): 8 Be3 and 8 d5 Ne7, not 9 Ne1.} h6 11. Bd2 Nf4 12. Bf1 {White has an edge.} g5 13. g3 Nfg6 14. h3 f5 {[#]} 15. exf5 $146 ({Predecessor:} 15. c5 Rf7 16. cxd6 cxd6 17. Rc1 a6 18. Bg2 f4 19. Qb3 g4 20. hxg4 Bxg4 21. Ne2 {0-1 (48) Ryder,A (2039)-Lanz Calavia,J (2132) ICCF email 2018}) 15... Bxf5 16. Nh2 Kh8 17. Ne4 Ng8 18. Ng4 Bxe4 19. Rxe4 Nf6 20. Re1 Nxg4 21. Qxg4 Qf6 22. Be3 e4 23. Qxe4 Rae8 24. Qc2 Qxb2 25. Qxb2 Bxb2 26. Rab1 Bc3 27. Rec1 Rxe3 $1 {[%mdl 64] Remove Defender} 28. fxe3 Bd2 29. Rc2 Bxe3+ 30. Kg2 b6 31. Bd3 Ne5 32. Rf1 Re8 33. Bf5 Kg7 34. h4 Rf8 35. Be6 Rxf1 36. Kxf1 $16 {[%mdl 4096] Endgame KRB-KBN} Kg6 37. Kg2 Bd4 38. a4 a5 39. Kh3 Be3 40. Re2 Bc5 41. Re4 Kg7 42. Bc8 Kg6 43. Ba6 Kg7 44. Bb5 Kg6 45. Re1 Kg7 46. Rf1 Be3 47. Rf5 Bd2 48. Kg2 Ng4 49. Kg1 gxh4 50. gxh4 Be1 51. Rf4 h5 52. Bd7 Bd2 (52... Ne5 $16 {keeps fighting.} 53. Be8 Bxh4) 53. Rf1 {Strongly threatening Bxg4.} Ne3 54. Rf2 Nxc4 {...Be3 is the strong threat.} 55. Rf5 Ne5 56. Be8 $1 Be1 57. Rxh5 Bxh4 58. Kg2 (58. Kf1 $1 $16 Kf8 59. Rh8+ (59. Rxh4 Kxe8 60. Rh7 Kd8 $11) 59... Ke7 60. Bb5 (60. Rxh4 Kxe8 61. Rh7 Kd8 $11)) 58... Be1 59. Rh1 {[%mdl 1024] White has compensation.} Bd2 60. Rf1 Be3 61. Kg3 Bg5 62. Rf2 Be3 63. Rc2 Bc5 (63... Kf6 $14) 64. Kf4 Kf6 65. Ke4 Ke7 66. Bb5 Ng4 67. Bc6 Kf6 68. Kf4 Ne5 69. Bb5 Ng6+ 70. Ke4 Ne5 71. Rh2 Nf7 72. Be8 Ne5 73. Rh7 Kg5 (73... b5 $16 {is a better defense.}) 74. Rg7+ $18 Kf6 75. Rxc7 Bb4 76. Rh7 Kg5 (76... Nc4 $16 77. Rf7+ Kg5 78. Rg7+ Kh4) 77. Rh5+ Kf6 78. Rh6+ Kg5 $2 (78... Ke7 $16) 79. Re6 Bc5 $2 {[#]} (79... Nc4 80. Rg6+ Kh4) 80. Bb5 $2 (80. Rxe5+ $1 $18 dxe5 81. Kxe5) 80... Ng4 $16 81. Bc6 Nf2+ 82. Kf3 Nd3 83. Re8 Kf5 84. Bd7+ Kg5 {and if ...Ne5+ works, Black does fine.} 85. Bb5 Ne5+ 86. Ke4 Kf6 {[#]} (86... Ng6 $16 87. Bd7 Ne5) 87. Re6+ $1 $18 Kg5 $2 (87... Kf7 88. Be2 Kf8) 88. Rxe5+ dxe5 89. Kxe5 {KB-KB} Kg6 90. Ke6 Kg7 91. d6 Be3 92. d7 Bg5 93. Kd6 Bd8 94. Kc6 (94. Bc4 $142 Kf8 95. Bb5 Kg8 96. Kc6 Kg7 97. Kb7 Kf7 98. Bc4+ Ke7 99. Kc6) 94... Kf6 95. Kb7 $2 (95. Bd3 $18 {is more deadly.} Kf7 96. Bb5) 95... Kf7 96. Kb8 Ke6 97. Kc8 Ke7 98. Kb7 $2 ({White should play} 98. Bc6 $16 {White wants to mate with Bb5.} b5 99. Bxb5 (99. axb5 a4 $11)) 98... Kd6 $11 99. Bc6 b5 $2 ({Better is} 99... Bc7 $1 $11) 100. axb5 $2 (100. Kc8 $16 Ke7 101. Bxb5 (101. axb5 a4 $11)) 100... a4 {Threatens to win with ...a3.The position is equal.} 101. Kc8 Ke7 102. Bd5 a3 103. Ba2 Ba5 104. Bb3 Bd8 {Black escapes into a draw. Av CentiPawn Loss W=-45/B=39. Weighted=-41/87} 1/2-1/2

[Event "70th RUS-ch Women Higher League 2020"]
[Site "Sochi"]
[Date "2020.10.15"]
[Round "7.8"]
[White "Yakimova, Mariya"]
[Black "Kovalevskaya, Ekaterina"]
[Result "0-1"]
[WhiteElo "2269"]
[BlackElo "2384"]
[Annotator "TA"]
[PlyCount "122"]
[EventDate "2020.10.08"]
[EventType "swiss"]
[EventCountry "RUS"]
[SourceTitle "playchess.com"]
[Source "ChessBase"]
[SourceQuality "1"]

{[%evp 9,122,23,62,37,54,31,47,31,41,29,27,25,31,30,54,0,0,-25,-36,-61,-48,-54,-42,-74,-56,-54,-36,-20,-22,-34,-18,-22,-29,-17,-26,-28,6,6,11,0,26,0,33,25,27,25,37,0,0,0,0,-6,83,83,92,72,180,0,0,0,0,0,0,0,0,-14,-19,-14,0,-16,0,-5,0,0,0,0,0,-8,-8,-8,-8,-8,-8,-33,0,0,0,0,0,0,0,0,0,0,0,-5202,0,-5587,-672,-5061,-3566,-2545,-2623,-5919,-5616,-29975,-29976,-29976,-29977,-29974,-29976,-29983,-29984,-29980,-29981]} 1. d4 Nf6 2. c4 c5 3. d5 b5 4. cxb5 a6 5. bxa6 g6 6. Nc3 {A58: Benko/Volga Gambit: Lines with 5 bxa6.} Bg7 7. Nf3 O-O 8. e4 {White is slightly better.} Qa5 {With the idea ...Nxe4.} 9. Bd2 Bxa6 10. Be2 Qb4 11. Bxa6 Nxa6 12. e5 (12. Qe2 $1 $14) 12... Ng4 $11 13. Qe2 {[#]} (13. e6 $5) 13... d6 $146 ({Predecessor:} 13... Qxb2 14. Rb1 Qc2 15. h3 Nh6 16. Rc1 Qb2 17. Rb1 Qc2 18. Rc1 Qb2 19. O-O Nb4 {1-0 (90) Nechaeva,M (2409)-Kovalevskaya,E (2403) Sochi 2018}) 14. e6 f5 15. O-O Nc7 16. a4 Qb7 17. Bg5 Nxd5 18. Nxd5 Qxd5 19. Bxe7 Rfe8 20. Bg5 Qxe6 21. Qd2 Ne5 22. Nxe5 dxe5 23. Be3 c4 24. Qe2 e4 25. Rfc1 Rec8 (25... Reb8 $5 {[%cal Rg7b2]} 26. Qxc4 Qxc4 27. Rxc4 Rxb2 $11) 26. a5 Qd5 27. a6 Qb5 $1 28. a7 Qxb2 29. Qd1 Qb7 $1 30. Ra5 c3 (30... f4 $1 $11 31. Rb1 Qf7) 31. g3 $1 $16 h6 32. h4 h5 (32... Qf7 $16 {keeps fighting.}) 33. Rd5 $2 (33. Rb1 $1 $18 {[%cal Rb1b7]} Qf7 34. Qd6) 33... Rxa7 $11 ({Avoid the trap} 33... c2 $2 34. Rxc2 Rxc2 35. Rd8+ Rxd8 36. Qxd8+ Kh7 37. a8=Q $18) 34. Bxa7 Qxa7 35. Rd7 Rc7 36. Qd5+ Kh7 37. Rd6 {Qe6 is the strong threat.} Re7 {And now ...e3 would win.} 38. Rc6 $1 {Strongly threatening Qd6.} Qd7 39. Rd6 Qe8 {Threatens to win with ...e3.} 40. Rd8 $132 {[%mdl 2048] White puts up resistance} Qf7 41. Qxf7 Rxf7 {[%mdl 4096] Endgame KRR-KRB} 42. Rc8 f4 43. R1xc3 Bxc3 44. Rxc3 {KR-KR} f3 {White should prevent ...Rb7.} 45. Rc4 Re7 46. Kf1 {[#]} g5 $1 {[%mdl 512]} 47. hxg5 Kg6 48. Rc5 Ra7 {( -> ...Ra1+)} (48... Rb7 $5 49. Ke1 $8 Rd7 $11) 49. Ke1 Ra2 50. Re5 Re2+ 51. Kf1 Kf7 (51... Rc2 {with more complications.} 52. Rxe4 Rc1+ 53. Re1 Rc4 54. Re3 Rc1+) 52. Kg1 $2 {[%mdl 8192] [#]} (52. Rf5+ $11 Kg6 53. Re5) 52... Re1+ $1 $19 53. Kh2 {[#] White hopes to continue with Rf5+.} Kg6 $1 54. Re6+ Kxg5 55. Re7 Kf5 56. Re8 Rf1 57. Rf8+ Ke5 {Black mates.} 58. Re8+ Kd4 59. Rd8+ Kc3 60. Rd5 Rxf2+ 61. Kh3 e3 {Av CentiPawn Loss W=-81/B=-42. Weighted=-63/-35} 0-1

[Event "70th RUS-ch Women Higher League 2020"]
[Site "Sochi"]
[Date "2020.10.15"]
[Round "7.9"]
[White "Bivol, Alina"]
[Black "Nasyrova, Ekaterina"]
[Result "1-0"]
[WhiteElo "2393"]
[BlackElo "2171"]
[Annotator "TA"]
[PlyCount "145"]
[EventDate "2020.10.08"]
[EventType "swiss"]
[EventCountry "RUS"]
[SourceTitle "playchess.com"]
[Source "ChessBase"]
[SourceQuality "1"]

{[%evp 9,145,9,18,14,14,15,31,26,49,43,60,64,97,105,119,69,127,127,127,127,127,118,131,119,108,106,114,53,113,119,149,133,168,168,216,217,200,203,268,268,267,275,283,295,319,321,441,436,418,299,306,240,264,243,312,308,324,326,306,256,255,249,312,290,314,298,348,329,386,377,416,358,369,318,464,456,472,375,433,434,574,566,557,418,523,509,494,16,12,0,0,0,0,0,0,0,64,0,0,0,0,-59,-61,-61,-61,-59,45,0,0,0,0,0,0,0,8,8,431,431,431,375,1777,1275,29966,29967,29967,29968,29968,29971,29969,29972,29972,29972,29975,29965,29973,29974,29981,29950]} 1. e4 e5 2. Nf3 Nc6 3. Nc3 Nf6 4. Bb5 Bd6 5. d3 a6 6. Ba4 {C48: Four Knights: 4 Bb5, replies other than 4...Bb4.} b5 7. Bb3 Bb7 8. a3 {White is slightly better.} h6 9. Be3 Na5 10. Ba2 c5 {[#]} 11. Nh4 $146 ({Predecessor:} 11. O-O O-O 12. Re1 Nc6 13. Nd5 Re8 14. c3 Bf8 15. b4 d6 16. Rb1 Rb8 17. h3 {1-0 (38) Yu,Y (2738)-Vidit,S (2721) Moscow 2019}) 11... Rc8 12. Qf3 Bf8 (12... g6 $1 $14) 13. Qg3 d6 {[#]} 14. O-O $1 g5 15. Nf5 Rg8 16. Nd5 Bxd5 17. Bxd5 ({Much weaker is} 17. exd5 $6 Qd7 $11) 17... Qd7 18. Bd2 (18. Ba2 $16) 18... Nc6 (18... Nxd5 $14 19. Bxa5 Ne7) 19. Bxc6 $16 Rxc6 20. c3 Rg6 21. a4 Rb6 22. axb5 Qxb5 {[#]} 23. b4 $1 c4 24. Ra5 Qc6 25. Re1 Be7 26. Qe3 Bd8 27. dxc4 Nd7 28. Qd3 Rb8 29. Ra2 a5 30. Ne3 ({Resist} 30. bxa5 Ra8 $18) 30... Rc8 31. Rb1 g4 32. bxa5 Nc5 33. Qd5 Qxd5 34. exd5 Ra8 35. Rb5 Kd7 36. Nc2 f5 37. Nb4 f4 38. a6 {[%cal Ba5a6,Ba6a7][%mdl 32]} Bc7 39. a7 Rgg8 40. Nc6 Ne4 41. Be1 Rgc8 (41... h5 $142 42. Re2 Nc5) 42. Rab2 $18 Nc5 43. Rb1 h5 44. f3 e4 45. fxe4 Nxe4 46. Rb8 g3 47. Rxa8 Rxa8 48. Ra1 $2 ({White should play} 48. hxg3 $18 fxg3 49. Kf1) 48... Bb6+ $11 49. Kh1 h4 50. h3 Kc8 51. c5 Nxc5 52. c4 Kb7 ({Black should try} 52... Ne4 $11) 53. Bb4 (53. Rb1 $14) 53... Ne4 $1 54. Ba5 Bxa7 {White must now prevent ...Bc5.} 55. Bd8 (55. Rb1+ $11 Ka6 56. Ra1) 55... Be3 $1 $15 {[%cal Ra8a1]} 56. Rxa8 Kxa8 57. Bxh4 {[%mdl 4096] Endgame KBN-KBN} Nd2 (57... Kb7 $1 $15) 58. Be7 Nxc4 59. h4 Nb2 60. Bxd6 {aiming for Ne7.} Nd3 61. Be5 {d6 is the strong threat.} Ne1 {( -> ...f3)} 62. Nd4 Kb7 $2 {[%mdl 8192] Loses the game.} (62... Bxd4 $1 $11 63. Bxd4 f3 64. gxf3 g2+ 65. Kh2 Nxf3+ 66. Kh3 Nxd4 67. Kxg2 Kb7) 63. Nf3 $18 Nd3 64. h5 Kc8 $2 (64... Kb6 65. Bg7 Nf2+ 66. Kg1 Ng4+ 67. Kf1 Kc5) 65. Bg7 Kd7 66. Ne5+ {White mates.} Nxe5 67. Bxe5 {KB-KB} Ke7 68. h6 f3 69. gxf3 Bxh6 70. Kg2 Kf7 71. Kxg3 Kg6 72. Kg4 Bf8 73. Kf4 {Av CentiPawn Loss W=-30/B=-59. Weighted=-30/-52} 1-0

[Event "70th RUS-ch Women Higher League 2020"]
[Site "Sochi"]
[Date "2020.10.15"]
[Round "7.10"]
[White "Komissarova, Soigina"]
[Black "Charochkina, Daria"]
[Result "0-1"]
[WhiteElo "1780"]
[BlackElo "2356"]
[Annotator "TA"]
[PlyCount "70"]
[EventDate "2020.10.08"]
[EventType "swiss"]
[EventCountry "RUS"]
[SourceTitle "playchess.com"]
[Source "ChessBase"]
[SourceQuality "1"]

{[%evp 9,70,28,35,26,29,10,11,13,15,11,5,0,0,-25,52,15,12,-35,10,0,37,-133,-129,-148,-144,-139,-131,-125,-89,-88,-79,-61,-31,-105,-113,-104,0,-136,-132,-112,-129,-174,-94,-200,-210,-644,-664,-952,-885,-2107,-2107,-2027,-1261,-1261,-1261,-1252,-1197,-1104,-1096,-2358,-1032,-29994,-29992]} 1. c4 b6 2. Nc3 Bb7 3. e4 c5 4. g3 h5 5. h4 e6 6. Bg2 {A34: Symmetrical English: 2 Nc3, lines with ...d5.} Nf6 {[#]} 7. d3 $146 ({Predecessor:} 7. Nge2 a6 8. O-O Qc7 9. d3 d6 10. a3 Nbd7 11. b4 Be7 12. Bf4 Ng4 13. bxc5 bxc5 {0-1 (48) Klekowski,M (2515)-Herrera Reyes,J (2304) chess.com INT 2020}) 7... Nc6 8. Nge2 {The position is equal.} Be7 9. O-O Ng4 10. f3 Nge5 11. Be3 d6 (11... f6 $11) 12. a3 Qd7 13. Rb1 g5 14. hxg5 h4 15. Rf2 $2 (15. f4 $14 {stays ahead.} h3 16. Bf3 Nxf3+ 17. Rxf3) 15... O-O-O {[%mdl 1024] Black has strong compensation.} 16. g4 {Black should prevent Bh3.} h3 17. Bh1 Rdg8 18. Qd2 f6 {[%cal Rf6g5]} 19. b3 fxg5 20. d4 h2+ 21. Kf1 (21. Rxh2 $15 Rxh2 22. Kxh2 Rh8+ 23. Kg3 cxd4 24. Nxd4) 21... cxd4 $17 22. Nxd4 Rh3 ({Black should try} 22... Rf8 $17 {And now ...Nxd4 would win.} 23. Rd1 Nxd4 24. Bxd4 Nxf3 $1 {[%mdl 512]} 25. Rxf3 Rxf3+ 26. Bxf3 h1=Q+ 27. Bxh1 Rxh1+ 28. Kg2 Rh4) 23. Ke2 (23. Rxh2 $11 Rxh2 24. Qxh2) 23... Nxd4+ 24. Bxd4 Ng6 $36 {[%mdl 2048] White is under strong pressure.} 25. Kd1 {[#]} Nf4 (25... e5 26. Be3 $15) ({Better is} 25... d5 $1 $19 {[%cal Rd5e4] ...dxe4 is the strong threat.} 26. cxd5 exd5 27. exd5 Nf4) 26. Kc2 {[#]} (26. a4 $17) 26... d5 $1 $19 {[%cal Rd5e4]} ({But not} 26... e5 27. Be3 $17) 27. Kb2 $2 (27. cxd5 exd5 28. Rxh2 Rxh2 29. Qxh2 dxe4 30. Qh7) 27... dxe4 28. fxe4 Rd3 29. Qc2 Qxd4 30. Rxh2 Bf6 {[%cal Rd3c3]} 31. Rc1 Rd8 {White must now prevent ...Qe3.} 32. e5 Bxe5 {Strongly threatening ...Rxc3.} 33. Bxb7+ Kxb7 34. Kb1 Rxc3 35. Qh7+ Rd7 {Av CentiPawn Loss W=-109/B=-78. Weighted=-143/-70} 0-1

[Event "70th RUS-ch Women Higher League 2020"]
[Site "Sochi"]
[Date "2020.10.15"]
[Round "7.11"]
[White "Bykova, Anastasia"]
[Black "Garmash, Aliona"]
[Result "0-1"]
[WhiteElo "2215"]
[BlackElo "2093"]
[Annotator "NA"]
[PlyCount "80"]
[EventDate "2020.10.08"]
[EventType "swiss"]
[EventCountry "RUS"]
[SourceTitle "playchess.com"]
[Source "ChessBase"]
[SourceQuality "1"]
[TimeControl "40/5400+30:1800+30"]

1. d4 {[%emt 0:00:00]} Nf6 {[%emt 0:00:00]} 2. c4 {[%emt 0:00:00]} g6 {[%emt 0:00:00]} 3. Nf3 {[%emt 0:00:05]} Bg7 {[%emt 0:00:00]} 4. g3 {[%emt 0:00:04]} O-O {[%emt 0:00:00]} 5. Bg2 {[%emt 0:00:05]} d6 {[%emt 0:00:03]} 6. O-O {[%emt 0:00:05]} Nc6 {[%emt 0:00:07]} 7. Nc3 {[%emt 0:00:11]} a6 {[%emt 0:00:07]} 8. Bf4 {[%emt 0:00:17]} Rb8 {[%emt 0:00:17]} 9. Rc1 {[%emt 0:00:06]} h6 {[%emt 0:00:15]} 10. Qd3 {[%emt 0:17:00]} Bg4 {[%emt 0:17:06]} 11. d5 {[%emt 0:05:42]} e5 {[%emt 0:01:43]} 12. dxc6 {[%emt 0:12:15]} exf4 {[%emt 0:00:08]} 13. Nd4 {[%emt 0:00:58]} fxg3 {[%emt 0:09:47]} 14. hxg3 {[%emt 0:05:11]} Bc8 $11 {[%emt 0:05:29]} 15. b4 {[%emt 0:05:13]} Ng4 {[%emt 0:02:36]} 16. cxb7 {[%emt 0:05:41]} Bxb7 {[%emt 0:03:18]} 17. Bxb7 {[%emt 0:01:49]} Rxb7 {[%emt 0:00:05]} 18. Qe4 {[%emt 0:03:39]} Bxd4 {[%emt 0:03:43]} 19. Qxb7 {[%emt 0:02:28]} Nxf2 {[%emt 0:23:28]} 20. Kg2 {[%emt 0:15:42]} Ng4 {[%emt 0:01:00]} 21. Nd1 {[%emt 0:05:01]} Qg5 {[%emt 0:09:27]} 22. Rc2 {[%emt 0:00:22]} Qh5 {[%emt 0:05:30]} 23. Rh1 {[%emt 0:00:47]} Qf5 {[%emt 0:00:06]} 24. Rd2 {[%emt 0:04:52]} Be3 {[%emt 0:07:10]} 25. Rd3 {[%emt 0:01:56]} Re8 {[%emt 0:01:19]} 26. Qf3 {[%emt 0:07:36]} Qg5 {[%emt 0:00:11]} 27. Rf1 {[%emt 0:00:33]} f5 {[%emt 0:01:35]} 28. Qc6 {[%emt 0:01:15]} Re7 {[%emt 0:00:12]} 29. Qxa6 {[%emt 0:02:21]} Bb6 {[%emt 0:03:15]} 30. Qa8+ {[%emt 0:01:23]} Kg7 {[%emt 0:00:05]} 31. Nc3 {[%emt 0:02:02]} Ne3+ {[%emt 0:01:15]} 32. Rxe3 {[%emt 0:00:02]} Rxe3 {[%emt 0:01:05]} 33. Rf3 {[%emt 0:00:08]} Bd4 {[%emt 0:00:32]} 34. Qc6 {[%emt 0:01:36]} Bxc3 {[%emt 0:00:42]} 35. Rxe3 {[%emt 0:00:21]} Qxe3 {[%emt 0:00:05]} 36. Qxc7+ {[%emt 0:00:07]} Kg8 {[%emt 0:00:27]} 37. Qd8+ {[%emt 0:00:44]} Kh7 {[%emt 0:00:05]} 38. Qc7+ {[%emt 0:00:49]} Bg7 {[%emt 0:00:06]} 39. Qxd6 {[%emt 0:00:32]} Qxe2+ {[%emt 0:00:07]} 40. Kh3 {[%emt 0:00:00]} g5 {[%emt 0:00:00]} 0-1